000 004230000a22001570004500
090 _aAR
_b01092
245 1 0 _aNotes on the mount Roraima region
650 1 4 _aGeografía
_992259
650 1 4 _aVegetación
_992799
650 1 4 _aGeología
_993001
651 4 _lMonte Roraima
_pVenezuela
_992749
041 0 _aInglés
100 1 _aTate, G. H. H.
_994321
942 _cARTICULO
773 1 _tGeographical Review
_3399
_q53-68
_d1890?
999 _c10179
_d10179